000 01319cam a2200385 a 4500
005 20260322212030.0
008 data
010 _a 87034851
020 _a0870446274 :
_c{dollar}7.95
020 _a0870446320 (lib. bdg.) :
_c{dollar}9.50
020 _a9780870446276 :
_c{dollar}7.95
020 _a9780870446320 (lib. bdg.) :
_c{dollar}9.50
040 _aDLC
_cDLC
_dDLC
043 _anc-----
_an-mx---
_anc-----
050 0 0 _aE77.9
_b.S78 1988
082 0 0 _a970.01
_219
092 _a970.01 S78 1988
100 1 _aStuart, Gene S.
245 1 0 _aAmerica's ancient cities /
_cGene S. Stuart & National Geographic Society (U.S.).
260 _aWashington, D.C. :
_bThe Society,
_c[c1988]
300 _a199 p. :
_bcol. ill. ;
_c26 cm.
500 _aIncludes index.
504 _aBibliography: p. 199.
650 0 _aIndians of North America
_xAntiquities.
650 0 _aExtinct cities
_zNorth America.
650 0 _aIndians of Mexico
_xAntiquities.
650 0 _aExtinct cities
_zMexico.
650 0 _aIndians of Central America
_xAntiquities.
650 0 _aExtinct cities
_zCentral America.
651 0 _aNorth America
_xAntiquities.
651 0 _aCentral America
_xAntiquities.
651 0 _aMexico
_xAntiquities.
710 2 _aNational Geographic Society (U.S.).
_bSpecial Publications Division.
001 data
999 _c696
_d696